Southville International School and Colleges
Your cart is empty.
  • Cart
  • Lists
    Public lists Eva Luna New books Lux_list list_1
    Your lists Log in to create your own lists
  • Log in to your account
  • Your cookies
  • Search history
Southville International School and Colleges
  • Advanced search
  • Recent comments
  • Most popular
  • Libraries

Log in to your account

Log in with GOOGLE


If you do not have an external account, but do have a local account, you can still log in:

  1. Home
  2. MARC view: The breast cancer prevention program /
Normal view MARC view ISBD view

The breast cancer prevention program / (Record no. 15288)

[ view plain ]
MARC details
000 -LEADER
fixed length control field 01529cam a2200421 a 4500
001 - CONTROL NUMBER
control field 4489411
003 - CONTROL NUMBER IDENTIFIER
control field OSt
005 - DATE AND TIME OF LATEST TRANSACTION
control field 20140310182716.0
008 - FIXED-LENGTH DATA ELEMENTS--GENERAL INFORMATION
fixed length control field 970604s1997 nyu b 001 0 eng c
010 ## - LIBRARY OF CONGRESS CONTROL NUMBER
LC control number 97022253
020 ## - INTERNATIONAL STANDARD BOOK NUMBER
International Standard Book Number 0025361929
040 ## - CATALOGING SOURCE
Original cataloging agency DNLM/DLC
Transcribing agency DLC
Modifying agency DLC
050 00 - LIBRARY OF CONGRESS CALL NUMBER
Classification number RC 280
Item number .Ep64 1997
060 10 - NATIONAL LIBRARY OF MEDICINE CALL NUMBER
Classification number (NLM) Not Acquired
060 10 - NATIONAL LIBRARY OF MEDICINE CALL NUMBER
Classification number WP 870 E64b 1997
082 00 - DEWEY DECIMAL CLASSIFICATION NUMBER
Classification number M 616.99449052
Item number Ep8 1997
100 1# - MAIN ENTRY--PERSONAL NAME
Personal name Epstein, Samuel S.
245 14 - TITLE STATEMENT
Title The breast cancer prevention program /
Statement of responsibility, etc Epstein, Samuel S.
260 ## - PUBLICATION, DISTRIBUTION, ETC. (IMPRINT)
Place of publication, distribution, etc New York, NY :
Name of publisher, distributor, etc Macmillan,
Date of publication, distribution, etc c1997.
300 ## - PHYSICAL DESCRIPTION
Extent xv, 416 p. ;
Dimensions 24 cm.
Other physical details ill. ;
504 ## - BIBLIOGRAPHY, ETC. NOTE
Bibliography, etc Includes bibliographical references (p. 335-401) and index.
521 ## - TARGET AUDIENCE NOTE
Target audience note
526 ## - STUDY PROGRAM INFORMATION NOTE
Reading level 1210L to 1700L
541 ## - IMMEDIATE SOURCE OF ACQUISITION NOTE
-- 1
562 ## - COPY AND VERSION IDENTIFICATION NOTE
Number of copies for circulation : 1 copy available in the collection
650 #0 - SUBJECT ADDED ENTRY--TOPICAL TERM
Topical term or geographic name as entry element Breast
General subdivision Cancer
-- Prevention.
650 #0 - SUBJECT ADDED ENTRY--TOPICAL TERM
Topical term or geographic name as entry element Breast
General subdivision Cancer
-- Risk factors.
650 #0 - SUBJECT ADDED ENTRY--TOPICAL TERM
Topical term or geographic name as entry element Breast
General subdivision Cancer
-- Popular works.
650 12 - SUBJECT ADDED ENTRY--TOPICAL TERM
Topical term or geographic name as entry element Breast Neoplasms
General subdivision prevention & control
-- popular works.
650 22 - SUBJECT ADDED ENTRY--TOPICAL TERM
Topical term or geographic name as entry element Breast Neoplasms
General subdivision etiology
-- popular works.
650 22 - SUBJECT ADDED ENTRY--TOPICAL TERM
Topical term or geographic name as entry element Risk Factors
General subdivision popular works.
700 1# - ADDED ENTRY--PERSONAL NAME
Personal name Steinman, David.
700 1# - ADDED ENTRY--PERSONAL NAME
Personal name LeVert, Suzanne.
856 41 - ELECTRONIC LOCATION AND ACCESS
Materials specified Table of contents
Uniform Resource Identifier <a href="http://www.loc.gov/catdir/toc/wiley022/97022253.html">http://www.loc.gov/catdir/toc/wiley022/97022253.html</a>
906 ## - LOCAL DATA ELEMENT F, LDF (RLIN)
a 7
b cbc
c orignew
d 1
e ocip
f 19
g y-gencatlg
942 ## - ADDED ENTRY ELEMENTS (KOHA)
Source of classification or shelving scheme Library of Congress Classification
Koha item type Books
Call number prefix
Holdings
Withdrawn status Lost status Damaged status Home library Current library Shelving location Date acquired Total Checkouts Full call number Barcode Date last seen Copy number Price effective from Koha item type
      College Library College Library General Circulation Section 04/20/2012   RC 280 .Ep64 1997 c7799 05/15/2018 1 11/14/2013 Books

The breast cancer prevention program /

APA

Epstein S. S., Steinman D. & LeVert S. (1997). The breast cancer prevention program. New York, NY: Macmillan.

Chicago

Epstein Samuel S, Steinman David and LeVert Suzanne. 1997. The breast cancer prevention program. New York, NY: Macmillan.

Harvard

Epstein S. S., Steinman D. and LeVert S. (1997). The breast cancer prevention program. New York, NY: Macmillan.

MLA

Epstein Samuel S, Steinman David and LeVert Suzanne. The breast cancer prevention program. New York, NY: Macmillan. 1997.

  • Place hold
  • Print
  • Cite
  • Add to your cart (remove)
  • Save record
    BIBTEX Dublin Core MARCXML MARC (non-Unicode/MARC-8) MARC (Unicode/UTF-8) MARC (Unicode/UTF-8, Standard) MODS (XML) RIS
  • More searches
    Search for this title in:
    Other Libraries (WorldCat) Other Databases (Google Scholar) Online Stores (Bookfinder.com) Open Library (openlibrary.org)

Exporting to Dublin Core...

SOUTHVILLE LIBRARY

Southville International School and Colleges Library

1281 Tropical Ave. Cor. Luxembourg St., BF Homes International, Las Pinas City

Tel. No. 8256374 / 252358 Loc. 117/146

Powered by Koha